LEADER 01772nam a2200325 i 4500 001 991002074149707536 005 20020508190028.0 008 960614s1986 it a 000 0 ita d 035 $ab10955331-39ule_inst 035 $aPARLA154038$9ExL 040 $aDip.to Scienze Storiche Fil. e Geogr.$bita 082 0 $a945.21 111 2 $aCongresso internazionale di studi sull'alto Medioevo$n<10. ;$d1983 ;$cMilano >$0427558 245 10$aAtti del 10. congresso internazionale di studi sull'alto medioevo :$b[Milano e i milanesi prima del mille, viii-x secolo] : Milano 26-30 settembre 1983 /$cCentro italiano di studi sull'alto medioevo 260 $aSpoleto :$bpresso la sede del Centro,$c1986 300 $a526 p., [67] c. di tav. , 25 cm. 490 0 $aAtti dei congressi ;$v10 500 $aA p. 4. di cop.: ISSN 0393-1050 650 4$aMilano$ySec. 8.-10.$xCongressi$y1983 710 1 $aCentro italiano di studi sull'alto medioevo$eauthor$4http://id.loc.gov/vocabulary/relators/aut$0172535 740 2$aMilano e i milanesi prima del mille, viii-x secolo 787 0 $aAtti del ... congresso internazionale di studi sull'alto medioevo 907 $a.b10955331$b23-02-17$c28-06-02 912 $a991002074149707536 945 $aLE019 A32 AR B 11$g1$i2019000023702$lle019$o-$pE0.00$q-$rl$s- $t0$u0$v0$w0$x0$y.i1442163x$z05-04-07 945 $aLE027 940.10 CIS01.02$cV. 10$g1$i2027000188567$lle027$op$pE15.00$q-$rl$s- $t0$u0$v0$w0$x0$y.i14851623$z08-10-08 945 $aLE009 MSM VII COLL.27A/10$g1$i2009000399419$lle009$o-$pE0.00$q-$rn$so $t0$u0$v0$w0$x0$y.i11063610$z28-06-02 996 $aAtti del 10. congresso internazionale di studi sull'alto medioevo$91456438 997 $aUNISALENTO 998 $ale019$ale027$ale009$b01-01-96$cm$da $e-$fita$git $h0$i3 LEADER 00993nam a2200265 i 4500 001 991002953009707536 008 160725s2015 it b 001 0 ita 020 $a9788804649564 035 $ab14259436-39ule_inst 040 $aDip.to di Storia, Società e Studi sull'Uomo$bita 082 04$a972.018 245 00$aCiviltà e religione degli Aztechi /$ca cura di Luisa Pranzetti e Alessandro Lupo 260 $aMilano :$bMondadori,$c2015 300 $aLXX, 1326 p. ;$c17 cm. 440 2$aI meridiani.$pClassici dello spirito 500 $aIn custodia 651 4$aAtzechi$xCiviltà 700 1 $aPranzetti, Luisa 700 1 $aLupo, Alessandro$d<1958- > 907 $a.b14259436$b05-08-16$c25-07-16 912 $a991002953009707536 945 $aLE023 972.018 CIV 1 1 $g1$i2023000144596$lle023$op$pE80.00$q-$rl$s- $t0$u0$v0$w0$x0$y.i1572962x$z25-07-16 996 $aCiviltà e religione degli Aztechi$91382930 997 $aUNISALENTO 998 $ale023$b25-07-16$c-$da $e-$fita$git $h0$i0